[Event "Leipzig VfB op 22nd"]
[Site "Leipzig"]
[Date "2015.03.04"]
[Round "3"]
[White "Ziersch, Hubert"]
[Black "Buechmann, Ole"]
[Result "1/2-1/2"]
[WhiteElo "2037"]
[BlackElo "2147"]
[PlyCount "66"]
[EventDate "2015.03.03"]
[EventType "swiss"]
[EventRounds "9"]
[EventCountry "GER"]
[SourceTitle "EXT 2016"]
[Source "ChessBase"]
[SourceDate "2015.10.08"]
[SourceVersion "1"]
[SourceVersionDate "2015.10.08"]
[SourceQuality "1"]

1. e4 c6 2. d4 d5 3. e5 c5 4. c3 Nc6 5. Nf3 Bg4 6. Bb5 Bxf3 7. Qxf3 e6 8. 0-0 Qb6 9. Bxc6+ bxc6 10. dxc5 Bxc5 11. b4 Be7 12. Be3 Qc7 13. Qg3 Kf8 14. Nd2 Nh6 15. Bxh6 gxh6 16. f4 Rg8 17. Qh3 Kg7 18. Rae1 c5 19. f5 Bg5 20. Nf3 cxb4 21. Nxg5 hxg5 22. fxe6 fxe6 23. Qxe6 Qb6+ 24. Qxb6 axb6 25. cxb4 Rgf8 26. Rxf8 Kxf8 27. Rf1+ Ke7 28. Rf6 Rxa2 29. Rxb6 Rb2 30. Rd6 Rxb4 31. Rxd5 Ke6 32. Rd6+ Kxe5 33. Rh6 Rb7 1/2-1/2

[Event "Dresden ZMD op 23rd"]
[Site "Dresden"]
[Date "2014.08.16"]
[Round "2"]
[White "Sagar, Shah"]
[Black "Buechmann, Ole"]
[Result "1-0"]
[WhiteElo "2339"]
[BlackElo "2117"]
[PlyCount "59"]
[EventDate "2014.08.15"]
[EventType "swiss"]
[EventRounds "9"]
[EventCountry "GER"]
[SourceTitle "CBM 161 Extra"]
[Source "ChessBase"]
[SourceDate "2014.08.29"]
[SourceVersion "1"]
[SourceVersionDate "2014.08.29"]
[SourceQuality "1"]

1. c4 e6 2. Nf3 d5 3. g3 Nf6 4. Bg2 Be7 5. 0-0 0-0 6. d4 dxc4 7. Qc2 a6 8. Qxc4 b5 9. Qc2 Bb7 10. Bg5 Nbd7 11. Bxf6 Nxf6 12. Nbd2 Rc8 13. Nb3 Be4 14. Qc1 Qd5 15. Rd1 Rfd8 16. Nc5 Bxc5 17. dxc5 Qa8 18. a4 b4 19. a5 Qb7 20. Qc4 Rd5 21. Ne1 Bxg2 22. Nxg2 Rcd8 23. Rxd5 Rxd5 24. Nf4 Rd2 25. c6 Qb5 26. Qxb5 axb5 27. Nd3 Nd5 28. a6 Nb6 29. a7 Na8 30. Ra5 1-0

[Event "Dresden ZMD op 23rd"]
[Site "Dresden"]
[Date "2014.08.15"]
[Round "1"]
[White "Buechmann, Ole"]
[Black "Farago, Ivan"]
[Result "1-0"]
[WhiteElo "2117"]
[BlackElo "2443"]
[PlyCount "105"]
[EventDate "2014.08.15"]
[EventType "swiss"]
[EventRounds "9"]
[EventCountry "GER"]
[SourceTitle "CBM 161 Extra"]
[Source "ChessBase"]
[SourceDate "2014.08.29"]
[SourceVersion "1"]
[SourceVersionDate "2014.08.29"]
[SourceQuality "1"]

1. c4 e5 2. g3 Nf6 3. Bg2 d5 4. cxd5 Nxd5 5. Nf3 Nc6 6. 0-0 Nb6 7. b3 Bd6 8. Bb2 0-0 9. d3 Bg4 10. Nbd2 Qd7 11. Rc1 Bh3 12. Rxc6 bxc6 13. Nxe5 Bxe5 14. Bxh3 Qxh3 15. Bxe5 Rfe8 16. Nf3 Re7 17. Bb2 Rae8 18. e4 Qh5 19. Nd4 Qxd1 20. Rxd1 Rd7 21. Rc1 f6 22. Rxc6 Nc8 23. Kf1 Kf7 24. Ke2 Ne7 25. Ra6 Ra8 26. Ne6 Nc8 27. d4 Rb8 28. Nc5 Re7 29. Kd3 Rb6 30. Ra5 Re8 31. f4 Rd6 32. d5 c6 33. Nb7 Rd7 34. Nc5 Rde7 35. dxc6 Rc7 36. Ra6 Ne7 37. Nb7 Ra8 38. Na5 Rac8 39. Bd4 Nxc6 40. Nxc6 Rxc6 41. Rxa7+ Kf8 42. b4 Rc1 43. Bc5+ Kg8 44. e5 fxe5 45. fxe5 Re1 46. Kd4 Rh1 47. e6 Rxh2 48. e7 Kf7 49. Ra3 Rd2+ 50. Kc4 Rc2+ 51. Kb5 Ke6 52. Re3+ Kd7 53. a4 1-0

[Event "Dresden ZMD op"]
[Site "Dresden"]
[Date "2009.08.01"]
[Round "8"]
[White "Buechmann, Ole"]
[Black "Albers, Andreas"]
[Result "1/2-1/2"]
[WhiteElo "2133"]
[BlackElo "1977"]
[PlyCount "55"]
[EventDate "2009.07.25"]
[EventType "swiss"]
[EventRounds "9"]
[EventCountry "GER"]
[SourceTitle "CBM 131 Extra"]
[Source "ChessBase"]
[SourceDate "2009.09.03"]
[SourceVersion "2"]
[SourceVersionDate "2009.09.16"]
[SourceQuality "1"]

1. c4 b6 2. Nc3 Bb7 3. e4 e6 4. g3 Bb4 5. Nge2 f5 6. Bg2 Nf6 7. d3 fxe4 8. 0-0 0-0 9. dxe4 Bc5 10. h3 Qe8 11. e5 Bxg2 12. Kxg2 Nh5 13. g4 Qg6 14. f4 d6 15. f5 exf5 16. Qd5+ Kh8 17. Qxa8 Nd7 18. Qd5 Nxe5 19. Rxf5 Nf6 20. Rxf6 Qxf6 21. Bf4 c6 22. Qe4 g5 23. Bxe5 dxe5 24. Rd1 Kg8 25. Kh1 Qh6 26. Ng1 Bxg1 27. Kxg1 Qxh3 28. Qxc6 1/2-1/2

[Event "Dresden ZMD op"]
[Site "Dresden"]
[Date "2009.07.28"]
[Round "4"]
[White "Buechmann, Ole"]
[Black "Heinig, Wolfram"]
[Result "0-1"]
[WhiteElo "2133"]
[BlackElo "2334"]
[PlyCount "64"]
[EventDate "2009.07.25"]
[EventType "swiss"]
[EventRounds "9"]
[EventCountry "GER"]
[SourceTitle "CBM 131 Extra"]
[Source "ChessBase"]
[SourceDate "2009.09.03"]
[SourceVersion "2"]
[SourceVersionDate "2009.09.16"]
[SourceQuality "1"]

1. c4 g6 2. g3 Bg7 3. Bg2 c5 4. Nc3 Nc6 5. a3 e6 6. b4 cxb4 7. axb4 Nge7 8. b5 Ne5 9. Qb3 d5 10. cxd5 exd5 11. Ba3 Be6 12. Bxe7 Qxe7 13. Bxd5 Nd3+ 14. Kf1 Qc5 15. exd3 Bxd5 16. Re1+ Be6 17. Ne4 Qe7 18. Qa4 0-0 19. h4 h6 20. Nf3 Rfd8 21. Re3 a6 22. Kg2 axb5 23. Qxb5 Rd5 24. Qb1 Qd7 25. d4 Bf5 26. Qb3 Rb5 27. Qc4 Rc8 28. Qe2 Rb2 29. Ra1 Bg4 30. Ra7 Rb1 31. Rc3 Bh3+ 32. Kh2 Bf1 0-1

[Event "Dresden ZMD op"]
[Site "Dresden"]
[Date "2009.07.26"]
[Round "2"]
[White "Buechmann, Ole"]
[Black "Bochmann, Marcus"]
[Result "1-0"]
[WhiteElo "2133"]
[BlackElo "1754"]
[PlyCount "69"]
[EventDate "2009.07.25"]
[EventType "swiss"]
[EventRounds "9"]
[EventCountry "GER"]
[SourceTitle "CBM 131 Extra"]
[Source "ChessBase"]
[SourceDate "2009.09.03"]
[SourceVersion "2"]
[SourceVersionDate "2009.09.16"]
[SourceQuality "1"]

1. c4 e5 2. g3 Nf6 3. Bg2 c6 4. d4 exd4 5. Qxd4 Bb4+ 6. Bd2 Bxd2+ 7. Nxd2 d6 8. e4 0-0 9. Ne2 Re8 10. 0-0 c5 11. Qd3 Nc6 12. Nc3 Be6 13. Rad1 Nb4 14. Qb1 Nd7 15. a3 Nc6 16. f4 Nb6 17. Qd3 Bg4 18. Rde1 f6 19. h3 Bh5 20. Nd5 Nxd5 21. exd5 Nd4 22. Be4 h6 23. g4 Bf7 24. Nf3 Nxf3+ 25. Rxf3 Qb6 26. Re2 Re7 27. Rfe3 Rae8 28. g5 hxg5 29. fxg5 f5 30. Bxf5 Rxe3 31. Rxe3 Rxe3 32. Qxe3 Qxb2 33. g6 Qa1+ 34. Kg2 Qa2+ 35. Kg3 1-0

[Event "Dresden ZMD op"]
[Site "Dresden"]
[Date "2007.07.29"]
[Round "9"]
[White "Buechmann, Ole"]
[Black "Herrera, Rodrigo"]
[Result "1/2-1/2"]
[WhiteElo "2119"]
[BlackElo "1849"]
[PlyCount "21"]
[EventDate "2007.07.21"]
[EventType "swiss"]
[EventRounds "9"]
[EventCountry "GER"]
[SourceTitle "EXT 2008"]
[Source "ChessBase"]
[SourceDate "2007.11.25"]
[SourceVersion "1"]
[SourceVersionDate "2007.11.25"]
[SourceQuality "1"]

1. c4 c5 2. g3 g6 3. Bg2 Bg7 4. Nc3 Nc6 5. a3 a5 6. Nf3 Nf6 7. d4 cxd4 8. Nxd4 Nxd4 9. Qxd4 0-0 10. 0-0 d6 11. Qh4 1/2-1/2

[Event "Dresden ZMD op"]
[Site "Dresden"]
[Date "2007.07.25"]
[Round "5"]
[White "Buechmann, Ole"]
[Black "Thinius, Marco"]
[Result "0-1"]
[WhiteElo "2119"]
[BlackElo "2330"]
[PlyCount "66"]
[EventDate "2007.07.21"]
[EventType "swiss"]
[EventRounds "9"]
[EventCountry "GER"]
[SourceTitle "EXT 2008"]
[Source "ChessBase"]
[SourceDate "2007.11.25"]
[SourceVersion "1"]
[SourceVersionDate "2007.11.25"]
[SourceQuality "1"]

1. c4 b6 2. Nc3 Bb7 3. e4 e6 4. g3 f5 5. d3 Nf6 6. Bg2 fxe4 7. dxe4 Bc5 8. Nh3 0-0 9. 0-0 e5 10. Be3 Bxe3 11. fxe3 Qe7 12. Nd5 Nxd5 13. exd5 Qc5 14. Qd3 Na6 15. Ng5 Nb4 16. Qe2 a5 17. d6 e4 18. Nxe4 Bxe4 19. Bxe4 c6 20. a3 Na6 21. Qd3 Qh5 22. Rf5 Rxf5 23. Bxf5 Nc5 24. Qc2 g6 25. Bd3 Qe5 26. Rd1 Qxe3+ 27. Kg2 Rf8 28. b4 axb4 29. axb4 Qf3+ 30. Kg1 Qe3+ 31. Kg2 Nxd3 32. Rxd3 Qe4+ 33. Kg1 Qe1+ 0-1

[Event "Dresden ZMD op"]
[Site "Dresden"]
[Date "2007.07.24"]
[Round "4"]
[White "Mueller, Michael"]
[Black "Buechmann, Ole"]
[Result "1/2-1/2"]
[WhiteElo "2284"]
[BlackElo "2119"]
[PlyCount "89"]
[EventDate "2007.07.21"]
[EventType "swiss"]
[EventRounds "9"]
[EventCountry "GER"]
[SourceTitle "EXT 2008"]
[Source "ChessBase"]
[SourceDate "2007.11.25"]
[SourceVersion "1"]
[SourceVersionDate "2007.11.25"]
[SourceQuality "1"]

1. d4 d6 2. Nf3 g6 3. g3 f5 4. Bg2 Nf6 5. 0-0 Bg7 6. c4 0-0 7. Nc3 Nc6 8. d5 Na5 9. Qd3 e5 10. dxe6 Bxe6 11. b3 Nc6 12. Ng5 Bd7 13. Bb2 Qe7 14. Rae1 Rae8 15. Qd2 h6 16. Nd5 Qd8 17. Nxf6+ Bxf6 18. Bd5+ Kg7 19. Nh3 Bxb2 20. Qxb2+ Qf6 21. Qxf6+ Kxf6 22. Nf4 g5 23. Nd3 Nd8 24. e3 c6 25. Bg2 Nf7 26. Rd1 Re7 27. Rd2 Rfe8 28. Rfd1 Be6 29. Bf3 Ne5 30. Be2 Nxd3 31. Bxd3 d5 32. Bf1 Rd8 33. Bg2 Red7 34. cxd5 Bxd5 35. f4 gxf4 36. exf4 Be6 37. Rxd7 Rxd7 38. Rxd7 Bxd7 39. Kf2 Ke6 40. Ke3 Kd6 41. Kd4 c5+ 42. Kc3 b5 43. Bf1 Kd5 44. Bg2+ Kd6 45. Bf1 1/2-1/2

[Event "Kiel op 18th"]
[Site "Kiel"]
[Date "2005.07.26"]
[Round "5"]
[White "Moeller, David"]
[Black "Buechmann, Ole"]
[Result "0-1"]
[WhiteElo "2175"]
[BlackElo "2109"]
[PlyCount "63"]
[EventDate "2005.07.23"]
[EventType "swiss"]
[EventRounds "9"]
[EventCountry "GER"]
[SourceTitle "CBM 107 Extra"]
[Source "ChessBase"]
[SourceDate "2005.09.01"]
[SourceVersion "1"]
[SourceVersionDate "2005.09.01"]
[SourceQuality "1"]

1. e4 d5 2. exd5 Qxd5 3. Nc3 Qd6 4. d4 Nf6 5. Bc4 a6 6. Nge2 b5 7. Bb3 Bb7 8. Bf4 Qd8 9. Qd3 e6 10. 0-0-0 Nc6 11. d5 Nb4 12. Qg3 Nbxd5 13. Nxd5 Bxd5 14. c4 Ne4 15. Qf3 bxc4 16. Ba4+ Ke7 17. Rxd5 exd5 18. Nd4 Qc8 19. Qh5 f5 20. Nxf5+ Kf6 21. Be5+ Ke6 22. Nd4+ Ke7 23. Re1 c5 24. Rxe4 dxe4 25. Qg5+ Kf7 26. Qf4+ Kg8 27. Bc6 Qd8 28. Qxe4 Ra7 29. Bd5+ Rf7 30. h4 cxd4 31. Bxf7+ Kxf7 32. Qf5+ 0-1

[Event "Oberliga Nord N 0405"]
[Site "Germany"]
[Date "2004.11.14"]
[Round "2.5"]
[White "Nugel, Karl Heinz"]
[Black "Buechmann, Ole"]
[Result "1-0"]
[WhiteElo "2184"]
[BlackElo "2111"]
[PlyCount "67"]
[EventDate "2004.10.24"]
[EventType "team-tourn"]
[EventRounds "9"]
[EventCountry "GER"]
[SourceTitle "EXT 2006"]
[Source "ChessBase"]
[SourceDate "2005.11.24"]
[SourceVersion "1"]
[SourceVersionDate "2005.11.24"]
[SourceQuality "1"]
[WhiteTeam "Hamburger SK III"]
[BlackTeam "Kiel Meerbauer"]
[WhiteTeamCountry "GER"]
[BlackTeamCountry "GER"]

1. d4 d5 2. c4 Nc6 3. Nc3 dxc4 4. d5 Ne5 5. f4 Nd7 6. e4 Nb6 7. a4 a5 8. Be3 e6 9. Bxb6 cxb6 10. Bxc4 Bb4 11. Bb5+ Bd7 12. dxe6 fxe6 13. Qh5+ Kf8 14. Rd1 Nf6 15. Qe2 Qc7 16. Bxd7 Nxd7 17. Nf3 Bxc3+ 18. bxc3 Qxc3+ 19. Kf2 Qc5+ 20. Kg3 Nf6 21. Ng5 Ke7 22. e5 Nd5 23. Rxd5 exd5 24. Qg4 Qc8 25. f5 Qc3+ 26. Nf3 Rhg8 27. Qg5+ Kd7 28. e6+ Kd6 29. Qf4+ Ke7 30. Rc1 g5 31. f6+ Ke8 32. f7+ Ke7 33. fxg8Q Rxg8 34. Qf7+ 1-0

[Event "Oberliga Nord N 0102"]
[Site "Germany"]
[Date "2001.11.25"]
[Round "3.7"]
[White "Groeppel, Peter"]
[Black "Buechmann, Ole"]
[Result "1-0"]
[WhiteElo "2140"]
[BlackElo "2145"]
[PlyCount "67"]
[EventDate "2001.10.07"]
[EventType "team"]
[EventRounds "9"]
[EventCountry "GER"]
[SourceTitle "EXT 2002"]
[Source "ChessBase"]
[SourceDate "2001.11.25"]
[SourceVersion "1"]
[SourceVersionDate "2001.11.25"]
[SourceQuality "1"]
[WhiteTeam "Hamburg Diogenes"]
[BlackTeam "Kiel Meerbauer"]
[WhiteTeamCountry "GER"]
[BlackTeamCountry "GER"]

1. d4 d5 2. Bg5 Nf6 3. Bxf6 gxf6 4. e3 e6 5. Bd3 c5 6. c3 Nc6 7. Nd2 e5 8. dxc5 Bxc5 9. Qh5 Be6 10. Bf5 Qd7 11. Bxe6 Qxe6 12. Ne2 0-0-0 13. 0-0 Rdg8 14. e4 Rg5 15. exd5 Qxd5 16. Qh3+ Kb8 17. Nf3 Rgg8 18. Rfd1 Qc4 19. Ng3 Rd8 20. Rxd8+ Nxd8 21. Qf5 Be7 22. Nd2 Qc6 23. Rd1 Ne6 24. Nde4 Rd8 25. Rxd8+ Bxd8 26. Qxh7 Qd5 27. h3 Qxa2 28. Qh8 Qd5 29. c4 Qd1+ 30. Kh2 Qd4 31. Nf5 Qd3 32. Ned6 Kc7 33. Qe8 Qb3 34. Nb5+ 1-0

[Event "Mirodata Cup U20 1st"]
[Site "Luebeck"]
[Date "2001.06.30"]
[Round "3"]
[White "Kuklja, Daniel"]
[Black "Buechmann, Ole"]
[Result "1-0"]
[WhiteElo "1961"]
[BlackElo "2086"]
[PlyCount "47"]
[EventDate "2001.06.??"]
[EventType "tourn (rapid)"]
[EventRounds "7"]
[EventCountry "GER"]
[SourceTitle "EXT 2003"]
[Source "ChessBase"]
[SourceDate "2002.11.25"]
[SourceVersion "1"]
[SourceVersionDate "2002.11.25"]
[SourceQuality "1"]

1. e4 d5 2. exd5 Qxd5 3. d4 Nc6 4. Be3 e5 5. Nc3 Qa5 6. d5 Nb8 7. a3 c6 8. dxc6 Nxc6 9. b4 Qd8 10. Qxd8+ Nxd8 11. Nb5 Ne6 12. Nf3 a6 13. Nc3 f6 14. Nd5 Bd7 15. Nb6 Rd8 16. Rd1 Bc6 17. Rxd8+ Kxd8 18. Be2 Bd6 19. 0-0 Ne7 20. Rd1 Kc7 21. c4 Nf5 22. c5 Nxe3 23. Rxd6 Nf5 24. Rxe6 1-0

[Event "JBLN West 0001 "]
[Site "Germany"]
[Date "2000.11.05"]
[Round "?"]
[White "Reichhardt, Philip"]
[Black "Buechmann, Ole"]
[Result "1/2-1/2"]
[WhiteElo "1698"]
[BlackElo "2105"]
[PlyCount "94"]
[EventDate "2000.??.??"]
[EventType "team"]
[EventRounds "9"]
[EventCountry "GER"]
[SourceTitle "EXT 2003"]
[Source "ChessBase"]
[SourceDate "2002.11.25"]
[SourceVersion "1"]
[SourceVersionDate "2002.11.25"]
[SourceQuality "1"]

1. d4 d5 2. c4 Nc6 3. e3 e5 4. cxd5 Qxd5 5. Nc3 Bb4 6. Bd2 Bxc3 7. bxc3 Nf6 8. Qb3 Qd6 9. Bb5 0-0 10. Ne2 Re8 11. 0-0-0 a6 12. Bd3 e4 13. Bc2 Be6 14. Qb2 Na5 15. Nf4 Nc4 16. Qb4 a5 17. Qxd6 cxd6 18. Nxe6 Rxe6 19. Bb3 Rc8 20. Kc2 b5 21. Bxc4 Rxc4 22. Rb1 b4 23. Kb3 d5 24. cxb4 axb4 25. Bxb4 Ng4 26. Rb2 Rf6 27. Rf1 Nxe3 28. Re1 Nf5 29. a3 Nxd4+ 30. Ka2 Nc2 31. Re2 Nxb4+ 32. Rxb4 Rxb4 33. axb4 Kf8 34. Kb3 Ke7 35. Ra2 Kd6 36. Ra6+ Ke5 37. b5 Rd6 38. b6 Rd8 39. b7 Rb8 40. Rb6 f5 41. Kb4 f4 42. Kc3 g5 43. h3 h6 44. Rb5 h5 45. Rb6 f3 46. gxf3 exf3 47. Kd3 g4 1/2-1/2

[Event "JBLN West 0001 "]
[Site "Germany"]
[Date "2000.09.24"]
[Round "?"]
[White "Ohff, Alexander"]
[Black "Buechmann, Ole"]
[Result "0-1"]
[WhiteElo "1730"]
[BlackElo "2105"]
[PlyCount "62"]
[EventDate "2000.??.??"]
[EventType "team"]
[EventRounds "9"]
[EventCountry "GER"]
[SourceTitle "EXT 2003"]
[Source "ChessBase"]
[SourceDate "2002.11.25"]
[SourceVersion "1"]
[SourceVersionDate "2002.11.25"]
[SourceQuality "1"]

1. b3 f5 2. Bb2 Nf6 3. Nf3 e6 4. e3 d5 5. c4 c6 6. Nc3 Bd6 7. cxd5 exd5 8. Bd3 0-0 9. Ne2 Ne4 10. Ned4 Qe7 11. h4 Nd7 12. h5 Ne5 13. Nxe5 Bxe5 14. f4 Bf6 15. Bxe4 Qxe4 16. Qe2 c5 17. d3 Qe8 18. Nf3 Bxb2 19. Qxb2 Qxe3+ 20. Qe2 Qxf4 21. 0-0 Qd6 22. Rae1 Bd7 23. Ne5 Rae8 24. Qb2 d4 25. Nc4 Qg3 26. Rxe8 Rxe8 27. Qd2 b5 28. Na5 Re3 29. Rd1 f4 30. Qf2 Bg4 31. Rf1 Be2 0-1